| 000 | 00613nam a2200205Ia 4500 | ||
|---|---|---|---|
| 005 | 20250508163306.0 | ||
| 008 | 008 250505s9999 xx 000 0 eng d | ||
| 020 | _a0-88936-482-6 | ||
| 037 | _aTextual | ||
| 040 |
_aFEDL _beng _cFEDL |
||
| 041 |
_aeng _2eng |
||
| 084 |
_a372, CUM _qFEDL |
||
| 100 | _aCummings William K | ||
| 245 | 0 | _aLow-cost primary education implementing an innovation in six nations | |
| 260 |
_aOttawa _bInternational Development Research Centre _c1986 |
||
| 300 | _ax,126p. | ||
| 650 | _aElementary Education | ||
| 942 |
_cTEXL _h372, CUM |
||
| 999 |
_c1382088 _d1382088 |
||